Statistics for Ariana Grande Quiz

Click here to take the quiz!

General Stats

  • This quiz has been taken 193 times
  • The average score is 6 of 12

Answer Stats

HintAnswer% Correct
How old is she?23
91%
Who is her brother?Frankie Grande
73%
What was her 2nd studio album?My Everything
65%
What what was her debut studio album?Yours Truly
62%
What was her third studio album?Dangerous Woman
57%
In her song 'Let me Love You' who is featured in it?Lil' Wayne
57%
Who is Scooter?Her manager
48%
What was her latest world tour called?The HoneyMoon Tour
37%
Who did dhe play in Scream Queens?Sonya Heffmann
36%
When's her birthday?26-06
34%
Who are her parents?Joan Grande and Edward Butera
29%
What were the 2 NIckelodeon shows she was in?Sam and Cat and Victorious
29%

Score Distribution

Percentile by Number Answered

Percent of People with Each Score

Your Score History

You have not taken this quiz